Pays les plus proches d'Hawaï - Statistiques

Statistiques générales
  • Ce quiz a été pris 135 fois
  • Le résultat moyen est 12 sur 20
Statistiques - réponses
km pays % Correct
5483 Japon
86%
4090 Canada
85%
4010 Mexique
82%
4933 Tonga
74%
3985 Tuvalu
71%
3407 Îles Marshall
70%
1886 Kiribati
70%
4720 Fidji
69%
4040 Samoa
69%
4342 Nauru
68%
5423 Salomon
68%
4746 Micronésie
67%
4825 Russie
64%
5401 Vanuatu
64%
6384 Chine
63%
5855 Papouasie- Nouvelle-Guinée
57%
6633 Guatemala
43%
6711 Corée du Nord
38%
4487 Îles Cook
19%
4490 Niue
19%
Aucun quiz correspondant
Distribution des résultats
% des personnes avec chaque résultat
Percentile par nombre de réponses
Votre historique - résultats
Vous n’avez pas pris ce quiz